00576nam a2200193Ia 4500003000400000005001700004008004100021020003000062040001700092082002100109100002500130245007500155250004800230260003000278300001900308650001500327650001700342700002300359IIN20240125161547.0231217s9999 xx 000 0 und d cRs.2220.00a9788131248898 aIINbEnglish a610.73 bPOT1 aPotter, Patricia A. 1 aPotter & Perry's Fundamentals of NursingcPatricia A. Potter...[et al] a9th ed bAdap. edited by - Suresh K. Sharma bElsevieraNew Delhic2017 axxiii, 1322 p.1 aFoundation1 aFundamentals1 aSharma, Suresh K.